Missouri Geography Quiz - Sudden Death - Statistics

General Stats
  • This quiz has been taken 215 times
  • The average score is 8 of 20
Answers on the Grid
Answers color-coded by a green-red scale on the quiz's grid according to % correct below.
Anheuser-Busch Brewery
Appalachian Mountains
Bootheel
Cape Girardeau
Cedar Rapids
Columbia
Daniel Boone National Forest
Eau Claire
Four Corners
Gateway Arch National Park
George Washington Carver National Monument
Great Sand Dunes National Park
Harry S Truman National Historic Site
Iowa River
Jefferson City
Joplin
Kansas City
Lake Michigan
Lake Pontchartrain
Little Rock
Louisville
Mark Twain Boyhood Home
Mississippi River
Missouri River
Mobile Bay
Natchez Trace
New Madrid
Ozark Mountains
Panhandle
Pigeon Forge
Pony Express National Historic Trail
Quad Cities
Springfield
St. Louis
Ste. Geneviève National Historical Park
Taum Sauk
Topeka
Voyageurs National Park
Wichita
Yellowstone River
 
Answer Stats
Answer % Correct
Anheuser-Busch Brewery
75%
Cape Girardeau
73%
Columbia
55%
Kansas City
47%
St. Louis
45%
Joplin
44%
Missouri River
44%
Jefferson City
43%
Gateway Arch National Park
42%
Bootheel
40%
Ozark Mountains
40%
Springfield
40%
Harry S Truman National Historic Site
39%
Mississippi River
35%
Mark Twain Boyhood Home
30%
New Madrid
27%
Pony Express National Historic Trail
26%
George Washington Carver National Monument
21%
Ste. Geneviève National Historical Park
17%
Taum Sauk
16%
No matching quizzes found
Score Distribution
Percent of People with Each Score
Percentile by Number Answered
Your Score History
You have not taken this quiz